000 01247nam a22003617a 4500
003 CHAP
005 20220329133015.0
008 971013s1989 r 00010 d
010 _a1214
011 _a2186
035 _a1377
040 _cCHAP
090 _aFolleto 12543
100 0 0 _aRodríguez-Avial López-Doriga, Javier.
_999018
245 _aEsquilo de ovejas por el método australiano
260 _aMadrid :
_bMinisterio de Agricultura, Pesca y Alimentación,
_c1989
300 _a20 p.
_b: ilus.
490 _aHojas divulgadoras : 12/89 H. D.
500 _a40-213
590 _aBATCH-UPD
_b10
_c20130110
_lUCH01
_h0118
590 _aBATCH-UPD
_b10
_c20130110
_lUCH01
_h2159
590 _aBATCH-UPD
_b10
_c20130409
_lUCH01
_h2111
590 _aBATCH-UPD
_b10
_c20130410
_lUCH01
_h1507
590 _aBATCH-UPD
_b10
_c20130914
_lUCH01
_h1319
590 _aCONVERSION
_b10
_c20130109
_lUCH01
_h1302
650 1 4 _aGanado lanar
_xEsquila.
_945177
710 0 _aEspaña. Ministerio de Agricultura, Pesca y Alimentación.
_937712
830 0 _aHojas divulgadoras : 12/89 H. D.
_955881
901 _aBK
942 _cFOLL
949 _aFolleto 12543
_bBC
_cFOLL
_d-10841
_eTS1
_i1377
_si
949 _aFolleto 12543
_bBC
_cFOLL
_d-71426
_eTS2
_fc.2
_i1377
_si
999 _c1214
_d1214